000 00382pab a2200157 454500
008 180718b2011 xxu||||| |||| 00| 0 eng d
100 _aDesai, Mihir
245 _aLand acquisition law and the proposed changes
260 _c2011
300 _ap.95-100.
362 _a25 Jun
650 _aLand tenure
773 _aEconomic and Political Weekly
908 _aN
909 _a92243
999 _c92243
_d92243